LEADER 00871nam a2200217 i 4500 001 000000034222 003 CaOOAMICUS 005 20130102000000.0 008 130102s1984 it u000 u ita u 013 $a377 040 $aSeMil$bita 100 1 $aZastrow, Oleg.$0(OLS)http://semarc/name/13419 245 13$aLa chiesa di San Giorgio a Lurago Marinone /$cOleg Zastrow. 260 $aLurago Marinone :$bBiblioteca Comunale,$c1984. 300 $a234 p., 10 p. di tav. :$bill. ;$c20 x 22 cm. 650 4$aLurago Marinone.$0(OLS)http://semarc/subject/5702 850 $aSeMil 852 $aSeMil$W1$xVenegono$y1$m3P V 157$j377$B377$CSeMilBibl$Z2$F377 $81 961 $aOmaggio: Donazione 996 $6245$aLa chiesa di San Giorgio a Lurago Marinone$9(OLS)http://semarc/title/46185 996 $6260$aLurago Marinone :$bBiblioteca Comunale$9(OLS)http://semarc/publisher/39676 LEADER 01148nam a2200241 i 4500 001 000000196680 003 CaOOAMICUS 005 20240327142300.0 008 110128s2007 it u000 u ita u 013 $a175363 040 $aSeMil$bita 100 1 $aGessaga, Paolo,$c.$0(OLS)http://semarc/name/71266 245 10$aDon Aldo Gessaga :$bparroco fondatore della Parrocchia del Sacro Cuore in Ponte Lambro /$cDon Paolo Gessaga. 260 $aPonte Lambro (Milano) :$bParrocchia del Sacro Cuore,$cstampa 2007. 300 $a80 p. :$briccamente ill. ;$c30 cm. 600 14$aGessaga, Aldo .$0(OLS)http://semarc/subject/36917 650 4$aPonte Lambro - Chiese - Sacro Cuore.$0(OLS)http://semarc/subject/45635 850 $aSeMil 852 $aSeMil$W1$xVenegono$y1$m5D XI 13/23$j147243$B147243$CSeMilBibl$Z2$F158800 $81 961 $aOmaggio: Altro 996 $6245$aDon Aldo Gessaga :$bparroco fondatore della Parrocchia del Sacro Cuore in Ponte Lambro$9(OLS)http://semarc/title/283990 996 $6260$aPonte Lambro (Milano) :$bParrocchia del Sacro Cuore$9(OLS)http://semarc/publisher/50883